Statistics for 45 European Countries, 45 Pictures

Click here to take the quiz!

General Stats

  • This quiz has been taken 65 times
  • The average score is 23 of 45

Answer Stats

Answer% Correct
Italy
100%
France
96%
Greece
96%
Russia
94%
Denmark
92%
United Kingdom
92%
Netherlands
90%
Belgium
88%
Iceland
86%
Spain
86%
Moldova
78%
Vatican City
78%
Norway
76%
Germany
67%
Austria
63%
Portugal
61%
Croatia
59%
Czech Republic
59%
San Marino
59%
Monaco
57%
Sweden
49%
Liechtenstein
47%
Andorra
41%
Finland
41%
Ukraine
41%
Switzerland
39%
Belarus
37%
Montenegro
33%
Bosnia and Herzegovina
31%
Albania
29%
Kosovo
29%
Estonia
27%
Ireland
27%
Romania
27%
Latvia
25%
Hungary
24%
Serbia
24%
Lithuania
22%
Poland
22%
Malta
20%
Slovenia
20%
Slovakia
16%
Luxembourg
14%
Bulgaria
12%
Macedonia
12%

Score Distribution

Percentile by Number Answered

Percent of People with Each Score

Your Score History

You have not taken this quiz